000 00337nam a22001457a 4500
003 OSt
005 20220223105303.0
008 220223b |||||||| |||| 00| 0 eng d
020 _a9781936335299
040 _cHU
082 _a692.5
100 _aRsm
_931268
245 _aRsmeans Building Construction Cost Data
942 _2ddc
_cBOOKS
_n0
999 _c31338
_d31338